000 01497nam a22001817a 4500
100 _aWen, S.
245 _aCHARACTERIZATION OF 2-THIOBENZOTHIAZOLE/ P-PHENYLENEDIAMINE VULCANIZATION INTERMEDIATE AND ITS INFLUENCE ON VULCANIZATION
260 _bRubber Chemistry and Technology, 96(1): 2023. 1-19
_c2023
520 _aA 2-thiobenzothiazole/p-phenylenediamine vulcanization intermediate has been characterized by means of ultra-high-performance liquid chromatography–tandem quadrupole time-of-flight mass spectrometry. Pregenerated 2-thiobenzothiazole/p-phenylenediamine intermediate has a clear effect on accelerating the sulfur crosslinking reaction. Therefore, the generation of vulcanization active species can act as a proof that p-phenylenediamine antioxidant could exert an influence on the vulcanization process via a reaction with the accelerator. Based on an analysis of samples from different curing stages, it is speculated that the intermediate is most likely generated in the vulcanization induction period. This research also provides indirect evidence of the effect of zinc oxide on vulcanization. The intermediate can be detected in both solution and vulcanizate. Its formation is likely to be a zinc ion–mediated reversible mechanism involving a radical course.
650 _aVulcanization
700 _aWang, B.
700 _azzwu, A.
700 _aZhang, Q.
700 _aZhao, W
700 _aJia, W.
856 _uhttps://doi.org/10.5254/rct.22.78973
942 _cJS
999 _c75308
_d75308